Механика в истории мировой науки: Сборник статей

Մատենագիտական մանրամասներ
Այլ հեղինակներ: Кирсанов В. С. (редактор)
Լեզու:ռուսերեն
Հրապարակվել է: Москва, Наука, 1993
Խորագրեր:
Ձևաչափ: Գիրք
KOHA link:https://koha.lib.tpu.ru/cgi-bin/koha/opac-detail.pl?biblionumber=20873

MARC

LEADER 00000nam0a2200000 4500
001 20873
005 20231030192255.0
010 |a 5020002321 
035 |a (RuTPU)RU\TPU\book\21063 
035 |a BOOK00005752 
090 |a 20873 
100 |a 20011209d1993 km y0rusy50 ca 
101 0 |a rus 
102 |a RU 
105 |a y z 000zy 
200 1 |a Механика в истории мировой науки  |e Сборник статей  |f Под ред. В. С. Кирсанова 
210 |a Москва  |c Наука  |d 1993 
215 |a 232 с. 
610 1 |a техника 
610 1 |a наука 
610 1 |a механика 
610 1 |a история 
610 1 |a античность 
610 1 |a Восток 
610 1 |a средние века 
675 |a 531/534(09)  |v 3 
702 1 |a Кирсанов  |b В. С.  |4 340 
801 0 |a RU  |b 63413507  |c 20011209  |g PSBO 
801 2 |a RU  |b 63413507  |c 20150112  |g PSBO 
942 |c BK